<?xml version="1.0" encoding="UTF-8"?>
<collection xmlns="http://www.loc.gov/MARC21/slim">
 <record>
  <leader>06627nam a2200433 a 4500</leader>
  <controlfield tag="001">kal1854</controlfield>
  <controlfield tag="003">Gr-AtHEAL</controlfield>
  <controlfield tag="005">20160421084301.0</controlfield>
  <controlfield tag="006">m        d        </controlfield>
  <controlfield tag="008">160413s2015    gr      s           gre|c</controlfield>
  <datafield tag="020" ind1=" " ind2=" ">
   <subfield code="a">9789606034268</subfield>
  </datafield>
  <datafield tag="040" ind1=" " ind2=" ">
   <subfield code="a">GR-AtHEAL</subfield>
   <subfield code="b">gre</subfield>
   <subfield code="c">GR-AtHEAL</subfield>
  </datafield>
  <datafield tag="082" ind1="0" ind2="4">
   <subfield code="a">945.31</subfield>
   <subfield code="2">23</subfield>
  </datafield>
  <datafield tag="100" ind1="1" ind2=" ">
   <subfield code="a">Διαλέτη, Ανδρονίκη.</subfield>
   <subfield code="8">598</subfield>
  </datafield>
  <datafield tag="245" ind1="1" ind2="0">
   <subfield code="a">Ιστορία της Βενετίας και της βενετικής αυτοκρατορίας, 11ος-18ος αι.</subfield>
   <subfield code="h">[Ηλεκτρονικός πόρος] </subfield>
   <subfield code="b">Κοινωνία, Οικονομία, Πολιτισμός</subfield>
   <subfield code="c">Διαλέτη,Αδρονίκη ; Πλακωτός,Γεώργιος ; Πούπου,Άννα ; Κριτικός αναγνώστης,Κοντοπούλου Μπενβενίστε, Ερριέτα,Βαλέρη ; Γραφιστική επιμέλεια,Μαργαριτούλη, Ελένη ; Γλωσσική επιμέλεια,Κιοσέογλου, Νερίνα.</subfield>
  </datafield>
  <datafield tag="260" ind1=" " ind2=" ">
   <subfield code="a">Αθήνα :</subfield>
   <subfield code="b">Σύνδεσμος Ελληνικών Ακαδημαϊκών Βιβλιοθηκών,</subfield>
   <subfield code="c">c2015.</subfield>
  </datafield>
  <datafield tag="490" ind1=" " ind2=" ">
   <subfield code="a">Ακαδημαϊκά Ηλεκτρονικά Συγγράμματα και Βοηθήματα Κάλλιπος</subfield>
   <subfield code="8">40</subfield>
  </datafield>
  <datafield tag="520" ind1=" " ind2=" ">
   <subfield code="a">Το σύγγραμμα αποτελεί εκτεταμένη και επικαιροποιημένη εισαγωγή στην κοινωνική, οικονομική και πολιτισμική ιστορία της Βενετίας και της Βενετικής Αυτοκρατορίας. Χρονικά καλύπτει την περίοδο από τον 11ο αιώνα, όταν τίθενται τα θεμέλια της εμπορικής και ναυτιλιακής ανάπτυξης και αποικιακής επέκτασης της Βενετίας, έως τον 18ο αιώνα, όταν το βενετικό κράτος καταλύεται από τα ναπολεόντεια στρατεύματα. Το σύγγραμμα καλύπτει ένα ευρύ γεωγραφικό φάσμα, καθώς επικεντρώνεται αφενός στη Βενετία, διερευνώντας την πορεία ενός μεσαιωνικού αστικού κέντρου που σταδιακά εξελίχθηκε σε ναυτική αυτοκρατορική υπερδύναμη, και αφετέρου στη συγκρότηση της Βενετικής Αυτοκρατορίας στην ιταλική ενδοχώρα, τη Δαλματία και την Ανατολική Μεσόγειο. Στόχος του συγγράμματος είναι η γνωριμία των φοιτητών/τριών με την ιστορία του Βενετικού Κράτους και η εξοικείωση τους με τις βασικές θεματικές και τα θεμελιώδη ερμηνευτικά εργαλεία που έχουν ανανεώσει την ευρωπαϊκή ιστοριογραφία τις τελευταίες δεκαετίες κατά τις οποίες η ιστορία της Βενετίας βρέθηκε στην αιχμή του ερευνητικού ενδιαφέροντος. Το σύγγραμμα αναλύει τις οικονομικές και κοινωνικές δομές και διαδικασίες που κατέστησαν τη Βενετία εμπορική υπερδύναμη ενώ ταυτόχρονα στρέφεται σε ζητήματα της καθημερινότητας, υιοθετώντας οπτικές που αντλούν από την πολιτισμική ιστορία, την ιστορία του φύλου και τη θεωρία της συγκρότησης των ταυτοτήτων. Με αφετηρία το βενετικό παράδειγμα ανιχνεύονται σημεία σύγκλισης και απόκλισης μεταξύ μητρόπολης και κτήσεων ως προς ποικίλες πτυχές της κοινωνικής, οικονομικής και πολιτισμικής ζωής. Το τελευταίο κεφάλαιο φιλοδοξεί να αποτελέσει γέφυρα μεταξύ του παρελθόντος και της σύγχρονης πολιτισμικής παραγωγής, μελετώντας τις αφηγήσεις και αναπαραστάσεις του βενετικού παρελθόντος στον κινηματογράφο. Τα σύγγραμμα θα καλύπτει πλήρως μαθήματα σχετικά με την ιστορία του Βενετικού Κράτους ενώ θα μπορούσε επίσης να αξιοποιηθεί σε μαθήματα ευρωπαϊκής, μεσαιωνικής και νεότερης ιστορίας και ιστορίας του νέου ελληνισμού</subfield>
  </datafield>
  <datafield tag="650" ind1=" " ind2="0">
   <subfield code="a">Venice (Italy)</subfield>
   <subfield code="v">History</subfield>
   <subfield code="y">11th-18th centrury</subfield>
   <subfield code="8">1543</subfield>
  </datafield>
  <datafield tag="653" ind1=" " ind2=" ">
   <subfield code="a">Αναπαραστάσεις του αστικού χώρου</subfield>
  </datafield>
  <datafield tag="653" ind1=" " ind2=" ">
   <subfield code="a">Ιστορία και κινηματογράφος</subfield>
  </datafield>
  <datafield tag="653" ind1=" " ind2=" ">
   <subfield code="a">Ιστοριογραφία</subfield>
  </datafield>
  <datafield tag="653" ind1=" " ind2=" ">
   <subfield code="a">Μεσόγειος</subfield>
  </datafield>
  <datafield tag="653" ind1=" " ind2=" ">
   <subfield code="a">Αυτοκρατορία</subfield>
  </datafield>
  <datafield tag="653" ind1=" " ind2=" ">
   <subfield code="a">Μεσαιωνικοί και πρώϊμοι νεότεροι χρόνοι</subfield>
  </datafield>
  <datafield tag="653" ind1=" " ind2=" ">
   <subfield code="a">Ιταλία</subfield>
  </datafield>
  <datafield tag="653" ind1=" " ind2=" ">
   <subfield code="a">Ιστορία</subfield>
   <subfield code="a">Ιστορία των χωρών</subfield>
   <subfield code="a">Ελληνική ιστορία</subfield>
  </datafield>
  <datafield tag="653" ind1=" " ind2=" ">
   <subfield code="a">Ιστορία</subfield>
   <subfield code="a">Ιστορία των χωρών</subfield>
   <subfield code="a">Ευρώπη, Μεσόγειος, Μέση Ανατολή</subfield>
  </datafield>
  <datafield tag="653" ind1=" " ind2=" ">
   <subfield code="a">Ιστορία</subfield>
   <subfield code="a">Γενική Ιστορία, Θεωρία</subfield>
   <subfield code="a">Νεότερη Ιστορία</subfield>
  </datafield>
  <datafield tag="653" ind1=" " ind2=" ">
   <subfield code="a">Ιστορία</subfield>
   <subfield code="a">Γενική Ιστορία, Θεωρία</subfield>
   <subfield code="a">Μεσαιωνική ιστορία</subfield>
  </datafield>
  <datafield tag="653" ind1=" " ind2=" ">
   <subfield code="a">Ιστορία</subfield>
   <subfield code="a">Ιστορία των χωρών</subfield>
   <subfield code="a">Ιστορία του βενετικού κράτους</subfield>
  </datafield>
  <datafield tag="700" ind1="1" ind2=" ">
   <subfield code="a">Πούπου,Άννα</subfield>
   <subfield code="e">Συγγραφέας</subfield>
   <subfield code="8">612</subfield>
  </datafield>
  <datafield tag="700" ind1="1" ind2=" ">
   <subfield code="a">Πλακωτός,Γεώργιος</subfield>
   <subfield code="e">Συγγραφέας</subfield>
   <subfield code="8">615</subfield>
  </datafield>
  <datafield tag="700" ind1="1" ind2=" ">
   <subfield code="a">Κοντοπούλου Μπενβενίστε, Ερριέτα,Βαλέρη</subfield>
   <subfield code="e">Κριτικός αναγνώστης</subfield>
   <subfield code="8">614</subfield>
  </datafield>
  <datafield tag="856" ind1="4" ind2="0">
   <subfield code="u">http://hdl.handle.net/11419/1854</subfield>
   <subfield code="z">Πλήρες Κείμενο - Full text</subfield>
  </datafield>
  <datafield tag="907" ind1=" " ind2=" ">
   <subfield code="a">.b25677172</subfield>
   <subfield code="b">12-06-18</subfield>
   <subfield code="c">29-07-16</subfield>
  </datafield>
  <datafield tag="949" ind1=" " ind2=" ">
   <subfield code="0">0</subfield>
   <subfield code="1">0</subfield>
   <subfield code="2">ddc</subfield>
   <subfield code="4">0</subfield>
   <subfield code="6">945_310000000000000_ΔΙΑ</subfield>
   <subfield code="7">0</subfield>
   <subfield code="8">KALL</subfield>
   <subfield code="8">475</subfield>
   <subfield code="d">2016-04-13</subfield>
   <subfield code="r">2016-04-13</subfield>
   <subfield code="w">2016-04-13</subfield>
   <subfield code="z">945.31 ΔΙΑ</subfield>
   <subfield code="o">SEAB KALLIPOS</subfield>
  </datafield>
  <datafield tag="998" ind1=" " ind2=" ">
   <subfield code="a">80</subfield>
   <subfield code="a">01</subfield>
   <subfield code="a">02</subfield>
   <subfield code="a">03</subfield>
   <subfield code="a">04</subfield>
   <subfield code="a">05</subfield>
   <subfield code="a">06</subfield>
   <subfield code="a">07</subfield>
   <subfield code="a">08</subfield>
   <subfield code="a">09</subfield>
   <subfield code="a">10</subfield>
   <subfield code="a">11</subfield>
   <subfield code="a">12</subfield>
   <subfield code="a">13</subfield>
   <subfield code="a">14</subfield>
   <subfield code="a">15</subfield>
   <subfield code="a">16</subfield>
   <subfield code="a">17</subfield>
   <subfield code="a">18</subfield>
   <subfield code="a">19</subfield>
   <subfield code="a">20</subfield>
   <subfield code="a">21</subfield>
   <subfield code="a">22</subfield>
   <subfield code="a">23</subfield>
   <subfield code="a">24</subfield>
   <subfield code="a">25</subfield>
   <subfield code="a">26</subfield>
   <subfield code="b">15-07-07</subfield>
   <subfield code="c">m</subfield>
   <subfield code="d">z  </subfield>
   <subfield code="e">-</subfield>
   <subfield code="f">gre</subfield>
   <subfield code="g">gr </subfield>
   <subfield code="h">0</subfield>
  </datafield>
  <datafield tag="942" ind1=" " ind2=" ">
   <subfield code="2">ddc</subfield>
   <subfield code="c">KALLIPOS</subfield>
  </datafield>
 </record>
</collection>
